00697cam a22002177a 4500003000500000005001700005008004100022010000900063011000900072035000900081040000900090110006000099245007900159260004500238300001100283490004500294650002600339650003600365650003300401830004500434CHAP20220817041035.0971013s1991 r 00010 d a5144 a6116 a5334 cCHAP aMéxico. Dirección General de Planeación Educativa 0aLineamientos generales y estrategía para evaluar la educación superior aMéxico, D.F. :bLa Secretaría,c1991 a157 p. 0aModernización educativa 1989-1994v; 514aEducación superior.14aPolítica educativazMéxico.14aReforma educativaxMéxico.0 aModernización educativa 1989-1994v; 5